| 000 | 00402nam a22001217a 4500 | ||
|---|---|---|---|
| 082 | _a200 THE | ||
| 100 |
_aTALHA MASOOD KHAN _972718 |
||
| 245 | _aTH-SOF-0845-DESIGN, SIMULATION AND OPTIMIZATION OF NOVEL MICROGRIPPER FOR THE DIAGNOSIS OF DYSPLASIA | ||
| 260 |
_aISLAMABAD _bNUST COLLEGE OF EME _c2013 |
||
| 650 | _aMS-ELECT-67 MSTHESIS | ||
| 700 |
_aSUPERVISOR DR HAMOOD UR RAHMAN _970300 |
||
| 942 | _cCF | ||
| 999 |
_c578711 _d578711 |
||